000 01620nam a2200349 4500
999 _c64535
_d64535
001 768714001
003 CO-MdFUSB
005 20180914122524.0
008 180912t2006 dr ||||| |||| 00| 0 spa d
040 _aCO-MdFUSB
_bspa
_cCO-MdFUSB
_dCO-MdFUSBC
_erda
041 _aspa
082 _223
_a230.044
_bV713
100 _aVillafañe, Eldin
_eautor
245 _aFe, espiritualidad y justicia
_b: teología posmoderna de un Boricua en la diáspora
_c/ Eldin Villafañe
264 1 _aRepública Dominicana :
_bPalabra y más,
_c℗[2006]
264 4 _c©2006
300 _a121 páginas
_c; 22 cm
336 _2rdacontent
_atexto
_btxt
337 _2rdamedia
_asin mediación
_bn
338 _2rdacarrier
_avolumen
_bnc
500 _aLibro autobiografiado.
504 _aIncluye bibliografía (página 113)
505 _tCapítulo 1.
_aLa mentalidad cristiana y la posmodernidad: lecciones de la epístola a los filipenses para hoy
505 _tCapítulo 2.
_aVivir en justicia: el mensaje de Amós para hoy
505 _tCapítulo 3.
_aLa fe cristiana y la calidad de vida: hacia una teología de shalom como clave hermenéutica de la calidad de vida
505 _tCapítulo 4.
_aEl poder del Espíritu Santo y los poderes
505 _tCapítulo 5.
_aEl verbo fue hecho carne: la encarnación y la educación teológica
505 _tCapítulo 6.
_aEl significado teológico y ético de "personalidad corporativa" y koinonia como paradigmas bíblicos de la solidaridad humana
505 _tCapítulo 7.
_aEl Rvdo. Ricardo Tañon: un apóstol en el Bronx
650 0 _9504
_aTeología postmoderna
942 _cBK